La Corrupción en los países desarrollados y en desarrollo: un desafío de los '90 /

El análisis enumera en primer lugar algunas características generales de la corrupción en sus diversas manifestaciones y los consiguientes problemas en todo el mundo. Dedica un capítulo a la situación en el Norte, donde se encuentra la principal fuente de corrupción en materia de transacciones inter...

ver descrição completa

Na minha lista:
Detalhes bibliográficos
Autor principal: Eigen, Peter
Formato: Texto
Assuntos:
Tags: Adicionar Tag
Sem tags, seja o primeiro a adicionar uma tag!

MARC

LEADER 00000 a a2200000 04500
001 3781
003
040
100 |a Eigen, Peter  
245 |a La Corrupción en los países desarrollados y en desarrollo:   |b un desafío de los '90 /  |c Peter Eigen 
520 |a El análisis enumera en primer lugar algunas características generales de la corrupción en sus diversas manifestaciones y los consiguientes problemas en todo el mundo. Dedica un capítulo a la situación en el Norte, donde se encuentra la principal fuente de corrupción en materia de transacciones internacionales, seguido por un resumen de la situación, impacto y soluciones en el Sur y como conclusión, en el capítulo final destaca el rol que le cabe a la sociedad civil en la lucha efectiva contra la corrupción. REV/LCL  
650 |a CORRUPCION  
650 |a GRUPOS DE INTERESES  
650 |a RESPONSABILIDAD CIVIL  
773 |g volumen 12, número 4 (48); páginas 7-47  
999 |c 26133  |d 26133